Filmcharaktere (BESCHREIBUNG LESEN!) - Statistiken

Allgemein
  • Dieses Quiz wurde 175 mal gespielt
  • Das Durchschnittsergebnis liegt bei 7 aus 16
Antwortstatistiken
Bildquiz Antwort % Korrekt
Peter Parker
83%
Forrest Gump
75%
Bellatrix Lestrange
59%
Jack Dawson
56%
Anakin Skywalker
54%
Bruce Wayne
54%
Katniss Everdeen
51%
La Belle Enfant
51%
Fred Weasley
49%
Padmé Amidala
43%
Aragorn
41%
Steve Rogers
39%
Bridget Jones
22%
Vincent Vega
12%
James Howlett
7%
Thomas Anderson
4%
Keine übereinstimmenden Quizze gefunden
Verteilung der Resultate
Anzahl Personen mit jedem Resultat
Perzentil nach korrekt beantworteten Fragen
Ihre Resultats-Entwicklung
Sie haben dieses Quiz noch nicht gespielt